LDR 01005naa#a2200169#i#450# 001 RU\\bibl\19920 005 20260701202436.3 100 ## _a20260630b2026####ek#y0rusy0150####ca 102 ## _aRU 200 1# _aФИТНЕС-ИГРЫ КАК МОТИВАТОР АКТИВНОГО ОБРАЗА ЖИЗНИ _eСтатья/тезисы конференции 210 1# _aВоронеж _cВоронежский государственный лесотехнический университет имени Г.Ф. Морозова _d2026 215 ## _a6 с. 608 ## _aСтатья/тезисы конференции _2local 675 ## _aВиртуальная реальность. 004.946 _aИгровые, гимнастические и спортивные снаряды. Оборудование, инвентарь и принадлежности для соревнований. 796.022 _z 700 #1 _aАфанасова _gЯ. А. 700 #1 _aАкименко _gАндрей Владимирович 856 4# _abibl.vgltu.ru _u